[Event "Groningen PCA"]
[Site "Groningen"]
[Date "1993.??.??"]
[Round "7"]
[White "Azmaiparashvili, Zurab"]
[Black "Granda Zuniga, Julio E"]
[Result "0-1"]
[WhiteElo "2630"]
[BlackElo "2610"]

1.d4 d5 2.c4 dxc4 3.e4 c5 4.d5 Nf6 5.Nc3 b5 6.Bf4 Qa5 7.a4 Nxe4 8.Ne2 Nd6
9.axb5 Qb6 10.Ng3 Nd7 11.Bxd6 Qxd6 12.Nge4 Qe5 13.Be2 g6 14.O-O Bg7 15.d6 Nb6
16.dxe7 Kxe7 17.Bf3 Be6 18.Nd2 Rad8 19.Rxa7+ Kf8 20.Qc2 Qf4 21.Rd1 Be5 22.g3 Qf5
23.Qxf5 gxf5 24.Ra6 Rb8 25.Re1 Bd4 26.Ra7 Nc8 27.Ra5 Kg7 28.Bc6 Rd8 29.Nf3 Ne7
30.Na4 Rd6 31.Ne5 Kf6 32.Nf3 Nxc6 33.bxc6 Rxc6 34.Re2 Rb3 35.Nd2 Rd3 36.Kf1 Rc7
37.Ra6 Kg7 38.Nb6 Rc6 39.Rxe6 Rxe6 40.Ndxc4 Rb3 41.Kg2 Rb4  0-1

[Event "Groningen PCA"]
[Site "Groningen"]
[Date "1993.??.??"]
[Round "10"]
[White "Granda Zuniga, Julio E"]
[Black "Lobron, Eric"]
[Result "1/2-1/2"]
[WhiteElo "2605"]
[BlackElo "2575"]

1.d4 Nf6 2.c4 e6 3.Nc3 Bb4 4.e3 O-O 5.Bd3 d5 6.a3 Bxc3+ 7.bxc3 dxc4 8.Bxc4 c5
9.Nf3 Qc7 10.Ba2 b6 11.O-O Bb7 12.Bb2 Nbd7 13.Qe2 Rac8 14.Rac1 Rfe8 15.Rfd1 Bc6
16.c4 cxd4 17.Nxd4 Ba4 18.Nb5 Bxd1 19.Rxd1 Qb8 20.Nd6 Rc7 21.Nxe8 Qxe8 22.Qf3 e5
23.g4 h6 24.h3 Nc5 25.Qf5 Rd7 26.Rxd7 Nfxd7 27.Bb1 e4 28.Kg2 Qe7 29.Bc2 Qe6
30.Qd5 Qxd5 31.cxd5 g5 32.f3 exf3+ 33.Kxf3 f6 34.Bf5 Ne5+ 35.Ke2 Kf7 36.Bc2 Ke7
37.Bd4 Kd6 38.e4 Ned7 39.Kd2 Ne5 40.Ke2 Ke7 41.a4 a5 42.Kf2 Ng6 43.Be3 Kd6
44.Bd4 Ke7 45.Be3 Ne5 46.Ke2 Ncd7 47.Bd4 Ng6 48.Kf3 Kd6 49.Bd3 Nge5+ 50.Ke3 Nc5
51.Bc2 Kc7 52.Bc3 Ncd7 53.Bd4 Nc4+ 54.Ke2 Kd6 55.Kd3 Nce5+ 56.Ke3 Nc5 57.Kf2 Ke7
58.Ke2 Ng6 59.Kf3 Nf4 60.Be3 Ng6 61.Bd4 Kf7 62.Bc3 Nd7 63.Bd4 Nge5+ 64.Ke2 Kg6
65.Kf2 Nc5 66.Kg3 h5 67.gxh5+ Kxh5 68.Bc3 Ned7  1/2-1/2

[Event "Groningen PCA"]
[Site "Groningen"]
[Date "1993.??.??"]
[Round "11"]
[White "Bareev, Evgeny"]
[Black "Granda Zuniga, Julio E"]
[Result "0-1"]
[WhiteElo "2660"]
[BlackElo "2605"]

1.d4 d5 2.c4 c6 3.Nf3 Nf6 4.Nc3 e6 5.Bg5 h6 6.Bxf6 Qxf6 7.e3 Nd7 8.Bd3 Bd6
9.O-O Qe7 10.c5 Bc7 11.e4 dxe4 12.Nxe4 O-O 13.Re1 Rd8 14.Qc2 Nf8 15.Ned2 Bd7
16.Nc4 Be8 17.Rad1 f6 18.Qc3 Rd7 19.Nfd2 Rad8 20.Ne4 Rxd4 21.Ned6 Rd5 22.Nxb7 Bxh2+
23.Kxh2 Qxb7 24.Nd6 Qe7 25.Be4 R8xd6 26.Bxd5 Rxd5 27.Rxd5 cxd5 28.b4 Qc7+
29.Kg1 Bh5 30.Qd4 Qc6 31.f4 Bg6  0-1

[Event "Mar del Plata op"]
[Site "Mar del Plata"]
[Date "1993.??.??"]
[Round "2"]
[White "Alpern, Adrian"]
[Black "Granda Zuniga, Julio E"]
[Result "0-1"]
[WhiteElo "2210"]
[BlackElo "2590"]

1.b3 e5 2.Bb2 d6 3.g3 Nf6 4.Bg2 c6 5.c4 Be7 6.d3 O-O 7.e3 Be6 8.Ne2 Qd7 9.O-O Bh3
10.f4 Bxg2 11.Kxg2 exf4 12.exf4 Na6 13.Nbc3 d5 14.h3 Rad8 15.d4 dxc4 16.bxc4 Bb4
17.Qd3 Bxc3 18.Bxc3 Rfe8 19.f5 Nc5 20.Qf3 Nce4 21.Rad1 b5 22.cxb5 Nd5 23.Ba5 Rc8
24.Nc3 Nexc3 25.Bxc3 cxb5 26.Rd3 b4 27.Ba1 Rc2+ 28.Rf2 Qc6 29.Kh2 Re1 30.Bb2 Rf1
31.Rxc2 Qxc2+ 32.Qg2 Rf2  0-1

[Event "Mar del Plata op"]
[Site "Mar del Plata"]
[Date "1993.??.??"]
[Round "3"]
[White "Granda Zuniga, Julio E"]
[Black "Disconzi da Silva, Rodrigo"]
[Result "1-0"]
[WhiteElo "2590"]
[BlackElo "2315"]

1.d4 d5 2.c4 e6 3.Nc3 c6 4.e3 f5 5.Nf3 Nf6 6.Bd3 Bd6 7.O-O O-O 8.cxd5 exd5
9.Ne5 Qe7 10.f4 Ne4 11.Bd2 Be6 12.Be1 Nd7 13.Qh5 Qe8 14.Qe2 Be7 15.Bc2 Rd8
16.b4 Kh8 17.Rb1 Rg8 18.Na4 Nxe5 19.fxe5 b5 20.Nc3 a6 21.Bd1 g5 22.Nxe4 fxe4
23.Rc1 Rc8 24.a3 Rf8 25.Rxf8+ Bxf8 26.h3 Be7 27.Qf1 Qf8 28.Bf2 Qf7 29.Be2 Bd7
30.Qd1 a5 31.bxa5 Bxa3 32.Rc2 Qe7 33.Qa1 Ra8 34.Be1 Kg8 35.Bh5 b4 36.Rc5 Qd8
37.Bg3 Rxa5 38.Rxa5 Qxa5 39.Qf1 Qd8 40.Qf7+  1-0

[Event "Mar del Plata op"]
[Site "Mar del Plata"]
[Date "1993.??.??"]
[Round "7"]
[White "Granda Zuniga, Julio E"]
[Black "Slipak, Sergio"]
[Result "1-0"]
[WhiteElo "2590"]
[BlackElo "2405"]

1.d4 d5 2.Nf3 c5 3.c4 dxc4 4.d5 e6 5.e4 exd5 6.exd5 Bd6 7.Bxc4 Ne7 8.O-O O-O
9.Nc3 Bf5 10.Bg5 Nd7 11.Re1 Nb6 12.b3 Qd7 13.Ne5 Bxe5 14.Rxe5 Ng6 15.Bb5 Qc8
16.Re1 a6 17.Be2 Re8 18.Rc1 Re5 19.Be3 Qf8 20.Qd2 Rd8 21.Red1 h6 22.f4 Ree8
23.d6 Re6 24.Bxc5 Nd7 25.Ba3 Nf6 26.Bc4 Ree8 27.Qd4 Rd7 28.Nd5 Nxd5 29.Bxd5 Be6
30.Qc4 Kh7 31.Re1 Bxd5 32.Qxd5 Rxe1+ 33.Rxe1 Qd8 34.f5 Nf8 35.h3 Qf6 36.Kh2 Qg5
37.Re8 Qf4+ 38.g3 Qf2+ 39.Qg2 Qxg2+ 40.Kxg2 Kg8 41.Kf3 f6 42.Ke4 Kf7 43.Rc8 h5
44.Kd5 g6 45.Rxf8+ Kxf8 46.Ke6 Ke8 47.fxg6  1-0

[Event "Mar del Plata op"]
[Site "Mar del Plata"]
[Date "1993.??.??"]
[Round "8"]
[White "Quinteros, Miguel A"]
[Black "Granda Zuniga, Julio E"]
[Result "1/2-1/2"]
[WhiteElo "2505"]
[BlackElo "2590"]

1.c4 Nf6 2.d4 e6 3.g3 c5 4.d5 exd5 5.cxd5 d6 6.Bg2 g6 7.Nf3 Bg7 8.Nc3 O-O
9.O-O Re8 10.Nd2 b6 11.a4 Ba6 12.Nb5 Nbd7 13.Nc4 Bxb5 14.axb5 Ne5 15.Nxe5 Rxe5
16.Bf4 Re7 17.Qd3 Qd7 18.Bf3 Ne8 19.Rab1 Nc7 20.b4 Rb8 21.bxc5 bxc5 22.Rfc1 Ree8
23.e4 Nxb5 24.Bg4 Qxg4 25.Rxb5 Rbd8 26.Kg2 Qc8 27.Rc4 Rd7 28.Qb3 Bd4 29.Ra4 Kg7
30.Qd3 Be5 31.Be3 Rb7 32.Rxb7 Qxb7 33.Qa6 Re7 34.Qxb7 Rxb7 35.Ra6 Rd7 36.f4 Bc3
37.Kf3 Bb4 38.Ke2 Kf8 39.Kd3 Ke8 40.Kc4 Re7 41.e5 dxe5 42.fxe5 Rxe5 43.Bxc5 Bxc5
44.Kxc5 Re2 45.Rxa7 Rxh2 46.Kd6 Kf8 47.Kd7 h5 48.d6 Rd2 49.Ra8+ Kg7 50.Ke7 Re2+
51.Kd8 Re3 52.d7 Rxg3 53.Kc7 Rc3+ 54.Kd6 Rd3+ 55.Kc6 Kf6 56.d8=Q+ Rxd8 57.Rxd8 Ke5
58.Kc5 h4 59.Kc4 Kf4 60.Kd3 Kf3 61.Rf8 f5 62.Rf6 h3 63.Rxg6 h2 64.Rh6 Kg2
65.Ke3 h1=Q 66.Rxh1 Kxh1 67.Kf4 Kh2 68.Kxf5  1/2-1/2

[Event "Mar del Plata op"]
[Site "Mar del Plata"]
[Date "1993.??.??"]
[Round "9"]
[White "Granda Zuniga, Julio E"]
[Black "Milos, Gilberto"]
[Result "1-0"]
[WhiteElo "2590"]
[BlackElo "2560"]

1.d4 Nf6 2.c4 e6 3.Nc3 d5 4.cxd5 exd5 5.Bg5 c6 6.Qc2 Be7 7.e3 O-O 8.Bd3 Nbd7
9.Nge2 Re8 10.O-O g6 11.Rad1 Nb6 12.f3 Nh5 13.Bxe7 Qxe7 14.e4 Be6 15.e5 c5
16.Qd2 Ng7 17.Qe3 cxd4 18.Nxd4 Bd7 19.f4 f6 20.Nf3 Rad8 21.Rde1 fxe5 22.Nxe5 Bf5
23.Qf2 Bxd3 24.Nxd3 Qf8 25.Nb5 Nf5 26.g4 Nd6 27.Nxd6 Qxd6 28.f5 Nd7 29.Qxa7 Re4
30.Nf2 Rxe1 31.Rxe1 gxf5 32.Qd4 Rf8 33.Re3 fxg4 34.Nxg4 Rf4 35.Qd1 Nf6 36.Nxf6+ Rxf6
37.Qd4 Kf7 38.Re5 Qb6 39.Rxd5 Qxd4+ 40.Rxd4 Ke6 41.Rb4 Rf7 42.Rb5 Kd6 43.Kg2 Kc6
44.a4 b6 45.b3 Rf6 46.Rh5 Rd6 47.Rxh7 Rd2+ 48.Kg1 Rd1+ 49.Kf2 Rd2+ 50.Kf1 Rb2
51.Rh3 b5 52.Rh6+ Kb7 53.axb5 Rxb3 54.b6 Rb2 55.Kg1 Rb1+ 56.Kf2 Rb2+ 57.Kg3 Rb3+
58.Kg4 Rb4+ 59.Kg5 Rb5+ 60.Kf4 Rb4+ 61.Ke5 Rb5+ 62.Kd4 Rf5 63.h4 Rf4+ 64.Kd5 Rf5+
65.Ke6 Rb5 66.Kf7 Rb4 67.h5 Rb3 68.Rh8 Rxb6 69.Rg8 Rc6 70.Re8 Kc7 71.Re6 Rc1
72.h6 Kd7 73.Rg6 Rf1+ 74.Kg7 Ke7 75.h7 Rf7+ 76.Kh6 Rf8 77.Rg7+ Ke6 78.Rg8  1-0

[Event "Sao Paulo zt"]
[Site "Sao Paulo"]
[Date "1993.??.??"]
[Round "1"]
[White "Slipak, Sergio"]
[Black "Granda Zuniga, Julio E"]
[Result "1/2-1/2"]
[WhiteElo "2405"]
[BlackElo "2590"]

1.c4 Nf6 2.Nf3 d6 3.d4 g6 4.Nc3 Bg7 5.e3 O-O 6.Be2 Nbd7 7.b3 e5 8.Bb2 Re8
9.Qc2 c6 10.dxe5 dxe5 11.Nd2 e4 12.Rd1 Qe7 13.O-O b6 14.b4 Qxb4 15.Ncxe4 Ba6
16.Bc3 Qe7 17.Qb2 Rad8 18.a4 Ne5 19.Nxf6+ Qxf6 20.Ne4 Qe7 21.c5 Bxe2 22.Qxe2 bxc5
23.Qc2 Rd5 24.a5 Red8 25.Rb1 f5 26.Ng3 Nd3 27.Bxg7 Kxg7 28.Qc4 R8d7 29.Ne2 Ne5
30.Qb3 c4 31.Qa4 Rd2 32.Nd4 c5 33.Nc6 Nxc6 34.Qxc6 c3 35.Qa4 c2 36.Rbc1 Qe4
37.Qb3 Qb4 38.Qe6 Qb2 39.h3 Rd1 40.Kh2 Qb8+ 41.f4 Qb7 42.Qe5+ Kh6 43.Qf6 R1d2
44.Rf2 Rxf2 45.Qh4+ Kg7 46.Qxf2 Qe4 47.Rxc2 c4 48.Rc3 Rd3 49.Qb2 Kh6 50.Qc1 Rxc3
51.Qxc3 Qd3 52.Qe5 Qa3 53.Qc7 a6 54.Qxc4 Qxa5 55.Qd3 Qb6 56.Qa3 Qf6 57.Qc5 Kg7
58.Qa7+  1/2-1/2

[Event "Sao Paulo zt"]
[Site "Sao Paulo"]
[Date "1993.??.??"]
[Round "3"]
[White "Vasquez, Rodrigo"]
[Black "Granda Zuniga, Julio E"]
[Result "0-1"]
[WhiteElo "2475"]
[BlackElo "2590"]

1.d4 Nf6 2.c4 g6 3.Nc3 Bg7 4.g3 O-O 5.Bg2 d6 6.Nf3 Nbd7 7.O-O e5 8.e4 Re8
9.h3 exd4 10.Nxd4 a6 11.Rb1 Ne5 12.b3 c5 13.Nde2 Rb8 14.a4 Nc6 15.Be3 Be6
16.Qd2 Qe7 17.Rfe1 Rbd8 18.f4 Bf5 19.exf5 Qxe3+ 20.Qxe3 Rxe3 21.fxg6 hxg6
22.Kf2 Rde8 23.Bf3 Nb4 24.Red1 d5 25.Nxd5 Nfxd5 26.cxd5 Nd3+ 27.Kg2 b5 28.Rd2 c4
29.bxc4 bxc4 30.Rc2 c3 31.a5 Bf8 32.Rxc3 Ne1+ 33.Rxe1 Rxc3 34.Nxc3 Rxe1 35.Ne4 f5
36.Nf6+ Kf7 37.Nd7 Bd6 38.Nb6 Bc5 39.Nc4 Rg1+ 40.Kh2 Rc1 41.Ne5+ Kf6 42.h4 Bb4
43.Nc6 Be1 44.Nb8 Ke7 45.Nxa6 Rc8 46.g4 Kd6 47.gxf5 gxf5 48.h5 Bxa5 49.Bg2 Ra8
50.Bf1 Rh8 51.Bg2 Rxh5+ 52.Kg3 Rh8 53.Bh3 Be1+ 54.Kg2 Ra8  0-1

[Event "Sao Paulo zt"]
[Site "Sao Paulo"]
[Date "1993.??.??"]
[Round "4"]
[White "Granda Zuniga, Julio E"]
[Black "Milos, Gilberto"]
[Result "1-0"]
[WhiteElo "2590"]
[BlackElo "2560"]

1.d4 Nf6 2.Nf3 d5 3.c4 e6 4.Nc3 Be7 5.Bg5 O-O 6.e3 Nbd7 7.Qc2 c5 8.dxc5 Qa5
9.cxd5 Nxd5 10.Bxe7 Nxe7 11.Ng5 Nf6 12.Bd3 h6 13.Ne4 Nxe4 14.Bxe4 Qxc5 15.O-O Rb8
16.Rfd1 b6 17.Rac1 a6 18.Qd3 Qe5 19.f4 Qf6 20.Qc4 e5 21.Qc7 Be6 22.fxe5 Qg5
23.Kh1 Rfe8 24.Bb7 Ng6 25.Bxa6 Nxe5 26.Ne4 Qh5 27.Nc3 Ra8 28.Bb5 Rec8 29.Be2 Qxh2+
30.Kxh2 Rxc7 31.Rd4 Kf8 32.a3 Rac8 33.Kg3 Rc5 34.Rcd1 Bc4 35.Bf3 Bb3 36.Rd8+ Ke7
37.Rxc8 Rxc8 38.Rd4 Bc4 39.a4 Ke6 40.Bd5+ Bxd5 41.Nxd5 Rc2 42.Nf4+ Ke7 43.Rb4 Nc4
44.b3 Nxe3 45.Re4+  1-0

[Event "Sao Paulo zt"]
[Site "Sao Paulo"]
[Date "1993.??.??"]
[Round "6"]
[White "Granda Zuniga, Julio E"]
[Black "Rubinetti, Jorge A"]
[Result "1-0"]
[WhiteElo "2590"]
[BlackElo "2450"]

1.d4 d5 2.c4 c6 3.Nc3 Nf6 4.Nf3 dxc4 5.a4 Bf5 6.e3 e6 7.Bxc4 Bb4 8.O-O Nbd7
9.Ne2 O-O 10.Ng3 Bg6 11.Qe2 Ne4 12.b3 Re8 13.Bb2 Qa5 14.Rac1 Nc3 15.Bxc3 Bxc3
16.Nh4 Bb4 17.f4 Qd8 18.Nf3 Rc8 19.Rcd1 Qe7 20.e4 f6 21.f5 Bf7 22.e5 Kh8
23.exf6 gxf6 24.fxe6 Bxe6 25.Qc2 Nb6 26.Nf5 Qd7 27.N3h4 Nd5 28.Rf3 Rg8 29.Kh1 Rg5
30.Rdf1 Rf8 31.Qc1 b5 32.Bd3 Rh5 33.Rg3 Rg8 34.Rxg8+ Bxg8 35.Be2 Rg5 36.Nh6 Be6
37.Bd3 Bf8 38.N6f5 Nb4 39.Qc3 Nxd3 40.Qxd3 Qd5 41.axb5 Qxb5 42.Qf3 Qd5 43.Qf2 Bxf5
44.Nxf5 Qxb3 45.h4 Rg8 46.Ra1 Qf7 47.Qf3 Qd7 48.Ra6 Be7 49.Rxc6 Bd8 50.Rd6 Qe8
51.g3 Qe1+ 52.Kg2 Re8 53.Kh3 Rg8 54.Rd7 Qe8 55.Rxa7 Rf8 56.Nd6  1-0

[Event "Sao Paulo zt"]
[Site "Sao Paulo"]
[Date "1993.??.??"]
[Round "7"]
[White "Egger, Jorge"]
[Black "Granda Zuniga, Julio E"]
[Result "0-1"]
[WhiteElo "2410"]
[BlackElo "2590"]

1.e4 c5 2.Nf3 Nc6 3.d4 cxd4 4.Nxd4 Nf6 5.Nc3 d6 6.Bg5 e6 7.Qd2 a6 8.O-O-O h6
9.Be3 Be7 10.f4 O-O 11.h3 Bd7 12.g4 Nxd4 13.Bxd4 Bc6 14.Bg2 Nd7 15.Qe2 b5
16.a3 Qb8 17.h4 b4 18.axb4 Qxb4 19.Nb1 e5 20.Bc3 Qb5 21.Qe3 Rfc8 22.f5 Qc5
23.Qg3 f6 24.Rhe1 Nb6 25.Qe3 Qxe3+ 26.Rxe3 a5 27.Be1 Be8 28.Nc3 h5 29.Bf3 hxg4
30.Bxg4 a4 31.Nd5 Nxd5 32.Rxd5 Bf7 33.Rb5 Bf8 34.Rc3 Bc4 35.Rb7 d5 36.Bh5 Kh8
37.Bf7 a3 38.bxa3 Bxa3+ 39.Kd1 Rd8 40.Bxd5 Bxd5 41.exd5 Rxd5+ 42.Ke2 Rd4
43.Rd3 Re4+ 44.Re3 Raa4 45.Bg3 Rec4 46.Kd2 Bb4+ 47.Kc1 Bc3 48.Rd3 Bd4 49.Be1 e4
50.Rg3 Ra1+ 51.Rb1 Ra2 52.Rg2 Be3+ 53.Kd1 Bh6 54.Bb4 e3 55.Be7 Rxh4 56.Rb8+ Kh7
57.Rc8 e2+ 58.Kxe2 Re4+ 59.Kd3  0-1

[Event "Moscow ol (Men)"]
[Site "Moscow"]
[Date "1994.??.??"]
[Round "2"]
[White "Shirov, Alexei"]
[Black "Granda Zuniga, Julio E"]
[Result "1/2-1/2"]
[WhiteElo "2740"]
[BlackElo "2620"]

1.d4 d5 2.c4 c6 3.Nc3 Nf6 4.Nf3 dxc4 5.e3 b5 6.a4 b4 7.Nb1 Ba6 8.Nbd2 c3
9.bxc3 Bxf1 10.Nxf1 bxc3 11.Ng3 e6 12.O-O c5 13.Ba3 Nbd7 14.Rc1 Qa5 15.Ne2 Be7
16.Nxc3 cxd4 17.Bxe7 dxc3 18.Ba3 Rc8 19.Qd6 Nc5 20.Qe5 Nb3 21.Qxa5 Nxa5 22.Bb4 Nc6
23.Bxc3 O-O 24.Bxf6 gxf6 25.g4 Ne5 26.Nxe5 fxe5 27.Kg2 a5 28.Kf3 Kg7 29.Ke4 Rb8
30.Rc4 Rfc8 31.Rfc1 Rb4 32.Kd3  1/2-1/2

[Event "Moscow ol (Men)"]
[Site "Moscow"]
[Date "1994.??.??"]
[Round "3"]
[White "Granda Zuniga, Julio E"]
[Black "Sebih, Kamel"]
[Result "1-0"]
[WhiteElo "2620"]
[BlackElo "2390"]

1.d4 e6 2.c4 Nf6 3.Nc3 Bb4 4.e3 O-O 5.Bd3 d5 6.Nf3 b6 7.O-O Bb7 8.a3 Bxc3
9.bxc3 Nbd7 10.cxd5 exd5 11.Ng5 Ne4 12.Nxe4 dxe4 13.Be2 Qh4 14.Qe1 a6 15.c4 Rfe8
16.f4 Qxe1 17.Rxe1 Rab8 18.Rb1 Bc6 19.Bd2 f5 20.Rec1 Nf6 21.h3 Bd7 22.c5 b5
23.c6 Be6 24.Rc5 Kf7 25.Kf2 g6 26.Ra1 Bd5 27.g4 Red8 28.Ba5 Ne8 29.gxf5 gxf5
30.Rg1 Ke6 31.Rg5 Rbc8 32.Rxf5 Kxf5 33.Bg4+ Kf6 34.Bxc8 Rxc8 35.Rxd5 Nd6
36.Bxc7 Nc4 37.Rd7 Nxa3 38.Be5+ Kf5 39.Rd6  1-0

[Event "Moscow ol (Men)"]
[Site "Moscow"]
[Date "1994.??.??"]
[Round "4"]
[White "Mitkov, Nikola"]
[Black "Granda Zuniga, Julio E"]
[Result "0-1"]
[WhiteElo "2495"]
[BlackElo "2620"]

1.e4 c5 2.Nc3 Nc6 3.Nge2 d6 4.d4 cxd4 5.Nxd4 Nf6 6.Bc4 e6 7.Be3 a6 8.Bb3 Qc7
9.f4 b5 10.f5 b4 11.Na4 e5 12.Ne2 Rb8 13.Ng3 Na5 14.O-O h5 15.Qd3 h4 16.Nh1 Bd7
17.Rfc1 Qb7 18.Nb6 Nxb3 19.cxb3 Bb5 20.Qd2 Nxe4 21.Qxb4 d5 22.Qe1 d4 23.Bf2 Be7
24.Nc4 h3 25.Bg3 hxg2 26.Nf2 Nxf2 27.Qxf2 f6 28.Re1 Bxc4 29.bxc4 Qxb2 30.Qf3 Qb7
31.Qd3 Kf7 32.Re4 Qc6 33.Kxg2 Rb4 34.Rc1 Rb2+ 35.Kg1 Bc5 36.Rc2 Rxc2 37.Qxc2 d3+  0-1

[Event "Moscow ol (Men)"]
[Site "Moscow"]
[Date "1994.??.??"]
[Round "5"]
[White "Granda Zuniga, Julio E"]
[Black "Jussupow, Artur"]
[Result "0-1"]
[WhiteElo "2620"]
[BlackElo "2655"]

1.d4 Nf6 2.c4 e6 3.Nf3 d5 4.Nc3 Be7 5.Bg5 h6 6.Bh4 O-O 7.e3 Ne4 8.Bxe7 Qxe7
9.Qc2 Nxc3 10.Qxc3 dxc4 11.Bxc4 b6 12.O-O Bb7 13.Rfd1 Nd7 14.Ne1 c5 15.Qa3 a6
16.Bf1 Qf6 17.Rac1 Rfd8 18.dxc5 Nxc5 19.Rxd8+ Rxd8 20.Qb4 a5 21.Qxb6 Rd2
22.Nf3 Bxf3 23.gxf3 Qxf3 24.Qb8+ Kh7 25.Qg3 Qd5 26.Qf4 Ne4 27.Bc4 Qa8 28.Qxf7 Nxf2
29.Bxe6 Qh1+  0-1

[Event "Moscow ol (Men)"]
[Site "Moscow"]
[Date "1994.??.??"]
[Round "9"]
[White "Granda Zuniga, Julio E"]
[Black "Kaabi, Mejdi"]
[Result "1-0"]
[WhiteElo "2620"]
[BlackElo "2380"]

1.d4 Nf6 2.Nf3 g6 3.g3 Bg7 4.Bg2 O-O 5.O-O d6 6.c4 Nc6 7.d5 Na5 8.Nfd2 c5
9.Nc3 a6 10.Qc2 e5 11.a3 b6 12.b4 Nb7 13.e4 Nh5 14.Qd1 Bd7 15.Bf3 Nf6 16.Rb1 Rb8
17.Bb2 Ne8 18.Bg2 f5 19.exf5 gxf5 20.Qc2 Nf6 21.Rfc1 Qe8 22.f4 e4 23.Nd1 Qg6
24.Ne3 h5 25.Bh3 Ng4 26.Bxg4 hxg4 27.Bxg7 Qxg7 28.Qb2 Rfc8 29.Qxg7+ Kxg7
30.h3 gxh3 31.Kh2 cxb4 32.axb4 b5 33.Ra1 Ra8 34.Ra3 Kf6 35.Rca1 Rab8 36.Rxa6 bxc4
37.Ndxc4 Bb5 38.Nxd6 Bxa6 39.Nxc8 Bb5 40.Ra7 Rxc8 41.Rxb7 Ba4 42.Rb6+ Ke7
43.Rb7+ Kf6 44.d6 Rd8 45.Rb6 Bd7 46.Kxh3 Ke6 47.Ra6 Bc8 48.Ra5 Rxd6 49.Rxf5 Rd3
50.Rc5 Bd7 51.Ng4 Kd6 52.Kh4 Rd4 53.Re5 Rxb4 54.Nf6 Bc6 55.Kg5 Rc4 56.Kf5 Rc3
57.g4 e3 58.Ne4+ Bxe4+ 59.Rxe4  1-0

[Event "Moscow ol (Men)"]
[Site "Moscow"]
[Date "1994.??.??"]
[Round "10"]
[White "Gulko, Boris F"]
[Black "Granda Zuniga, Julio E"]
[Result "1-0"]
[WhiteElo "2590"]
[BlackElo "2620"]

1.c4 e5 2.Nc3 Bb4 3.Nd5 Be7 4.d4 d6 5.e4 Nf6 6.Nxe7 Qxe7 7.f3 Nh5 8.Ne2 O-O
9.Be3 exd4 10.Bxd4 Nc6 11.g4 Bxg4 12.fxg4 Qxe4 13.gxh5 Qxh1 14.Bg1 Qf3 15.Qd5 Ne5
16.h6 g6 17.O-O-O Rfe8 18.Qd4 c5 19.Qxd6 Nxc4 20.Qf4 Ne5 21.Bg2 Qxf4+ 22.Nxf4 Rad8
23.Rxd8 Rxd8 24.Bxb7 g5 25.Nd5 Rb8 26.Nf6+ Kh8 27.Be4 Rb6 28.Nxh7 Rb4 29.Bc2 f5
30.Nxg5 Rg4 31.Bxc5 Rxg5 32.Bd4  1-0

[Event "Moscow ol (Men)"]
[Site "Moscow"]
[Date "1994.??.??"]
[Round "11"]
[White "Granda Zuniga, Julio E"]
[Black "Stanec, Nikolaus"]
[Result "0-1"]
[WhiteElo "2620"]
[BlackElo "2450"]

1.d4 Nf6 2.Nf3 g6 3.g3 Bg7 4.Bg2 O-O 5.O-O d6 6.c4 c6 7.Nc3 Qa5 8.h3 Be6
9.d5 cxd5 10.Nd4 Bd7 11.cxd5 Rc8 12.Be3 Be8 13.Nb3 Qd8 14.a4 Nfd7 15.a5 Ne5
16.Bd4 Na6 17.f4 Nc4 18.Bxg7 Kxg7 19.Qd4+ Kg8 20.f5 Ne5 21.Nd2 Nc5 22.g4 b5
23.b4 Ncd7 24.Nxb5 a6 25.Nc3 Qc7 26.Rfc1 Qb7 27.e3 Nf6 28.fxg6 hxg6 29.Bf1 Rc7
30.Kf2 Bd7 31.Be2 Qb8 32.g5 Nh7 33.h4 f6 34.gxf6 Qf8 35.Nce4 Nxf6 36.Nxf6+ Qxf6+
37.Qf4 Rxc1 38.Rxc1 Qg7 39.Kg3 Rf8 40.Qd4 g5 41.Kg2 gxh4+ 42.Kh1 Rf2 43.Rg1 Qxg1+
44.Kxg1 Rxe2 45.Kf1 Rh2  0-1

[Event "Moscow ol (Men)"]
[Site "Moscow"]
[Date "1994.??.??"]
[Round "13"]
[White "Granda Zuniga, Julio E"]
[Black "Dutreeuw, Marc"]
[Result "1-0"]
[WhiteElo "2620"]
[BlackElo "2410"]

1.d4 d5 2.c4 e6 3.Nc3 Be7 4.Bf4 Nf6 5.e3 O-O 6.Nf3 c5 7.dxc5 Bxc5 8.a3 Nc6
9.b4 Be7 10.Qb3 a5 11.b5 Nb8 12.cxd5 exd5 13.Be2 Be6 14.Nd4 Nbd7 15.O-O Nc5
16.Qa2 a4 17.Bf3 Nb3 18.Nxb3 axb3 19.Qb2 Qa5 20.Qxb3 Rfc8 21.Nxd5 Nxd5 22.Bxd5 Rc3
23.Qd1 Rd8 24.e4 Bxd5 25.exd5 Qxb5 26.Qe1 Qc5 27.Be3 Qc7 28.Rb1 Rd7 29.Bf4 Qc8
30.a4 Rc4 31.Qe3 Bc5 32.Qf3 Rxa4 33.Rfc1 Ra8 34.Rb4 b6 35.Be5 Qf8 36.Rb3 Rad8
37.Rd1 f6 38.Bg3 Qf7 39.d6 h6 40.Rbd3 Qe6 41.Qc6 f5 42.Rd5 Qe4 43.h3 f4 44.Bh4 Rxd6
45.Rxd6 Qxc6 46.Rxd8+ Kh7 47.R8d7 Qg6 48.Kh2 Bb4 49.f3 Bc3 50.Rc7 Be5 51.Rc4 Qe6
52.Rb4 Bc3 53.Rbb1 Qe2 54.Rd7 b5 55.Be7 b4 56.Bxb4 Bf6 57.Rbd1 Qf2 58.Bd2 Qg3+
59.Kh1 Be5 60.Re1 Bf6 61.Re4 Qf2 62.Bxf4 Qf1+ 63.Kh2 Qb5 64.Rd2 Qf5 65.Rde2 Bc3
66.Be5 Bxe5+ 67.Rxe5 Qf4+ 68.Kh1 Qc1+ 69.Re1 Qc3 70.R5e4 Qd2 71.Re7 Qd4 72.Rf7  1-0

[Event "Moscow ol (Men)"]
[Site "Moscow"]
[Date "1994.??.??"]
[Round "14"]
[White "Dao Thien Hai"]
[Black "Granda Zuniga, Julio E"]
[Result "1-0"]
[WhiteElo "2475"]
[BlackElo "2620"]

1.d4 Nf6 2.c4 e6 3.Nc3 Bb4 4.Qc2 b6 5.e4 Bb7 6.Bd3 Bxc3+ 7.bxc3 c5 8.Nf3 d6
9.O-O Nbd7 10.a4 Qc7 11.Re1 h6 12.a5 e5 13.a6 Bc8 14.Nh4 g6 15.f4 Nh5 16.Qf2 Nf8
17.fxe5 dxe5 18.Be2 Ng7 19.Qf6 Rh7 20.Nf3 Nd7 21.Qh4 Ne6 22.d5 Nef8 23.Qg3 Qd6
24.Bd1 g5 25.h4 f6 26.h5 Kd8 27.Rf1 Nb8 28.Nh2 Bxa6 29.Ng4 Nfd7 30.Be2 Bc8
31.Qf3 Qf8 32.Qf5 Qh8 33.Qe6 Kc7 34.d6+ Kb7 35.Qd5+ Nc6 36.Bd1 f5 37.Rxf5 Nb8
38.Rf7+ Rxf7 39.Qxf7+ Nd7 40.Qg6 Nf8 41.Qxh6 Qxh6 42.Nxh6 Nh7 43.Nf7 g4 44.h6 Be6
45.Ng5 Nxg5 46.Bxg5 Rh8 47.Ba4 Rh7 48.Bb5 Nb8 49.Be8 Rh8 50.Bg6 Nd7 51.h7 a5
52.Bh6 Nf6 53.Bg7 Rxh7 54.Bxh7 Nxh7 55.Bxe5 Nf8 56.Kf2 Nd7 57.Bf4 Bxc4 58.Kg3 Be6
59.Rh1 Nf6 60.Be5 Nxe4+ 61.Kf4 Nxd6 62.Bxd6 a4 63.Be5 a3 64.Ra1 a2 65.Ke4 Kc6
66.g3 Kb5 67.Kd3 Ka4 68.c4 Kb3 69.Rc1 Bf5+ 70.Kd2 Be6 71.Rc2 Ka3 72.Kc1 Kb4
73.Rb2+ Kxc4 74.Rxb6 Kd5 75.Bg7 Bf5 76.Kb2  1-0

[Event "PER-ch"]
[Site "Peru"]
[Date "1994.??.??"]
[Round "1"]
[White "Reyes, Juan"]
[Black "Granda Zuniga, Julio E"]
[Result "1-0"]
[WhiteElo "2450"]
[BlackElo "2620"]

1.e4 c5 2.Nf3 Nc6 3.Bb5 e6 4.O-O Nge7 5.b3 Nd4 6.Nxd4 cxd4 7.c3 a6 8.Bd3 Nc6
9.Bb2 Bc5 10.Na3 O-O 11.Rc1 b5 12.Qh5 Qb6 13.Nc2 dxc3 14.Bxc3 f6 15.b4 Bd6
16.e5  1-0

[Event "PER-ch"]
[Site "Peru"]
[Date "1994.??.??"]
[Round "2"]
[White "Granda Zuniga, Julio E"]
[Black "Aguilar, Juan"]
[Result "1-0"]
[WhiteElo "2620"]
[BlackElo "2285"]

1.d4 Nf6 2.c4 g6 3.Nf3 Bg7 4.g3 d6 5.Bg2 O-O 6.O-O Nc6 7.Nc3 Bg4 8.h3 Bxf3
9.Bxf3 Nd7 10.e3 e5 11.d5 Ne7 12.e4 a5 13.Rb1 f5 14.a3 Nf6 15.Kg2 b6 16.h4 Qd7
17.Qd3 Rf7 18.Bg5 Raf8 19.b4 axb4 20.axb4 Ng4 21.Bxg4 fxg4 22.c5 Nc8 23.c6 Qe8
24.Nb5 Rf3 25.Qd2 Qf7 26.Ra1 h6 27.Be3 Kh7 28.Rh1 h5 29.Ra2 Bf6 30.Qe2 Bd8
31.Ra8 Ne7 32.Rxd8 Rxd8 33.Nxc7 Nf5 34.Ne6 Nxe3+ 35.fxe3 Qf6 36.Ng5+ Kg7
37.Nxf3 gxf3+ 38.Qxf3 Ra8 39.Qe2 Qd8 40.Rc1 Qc8 41.Rc2 Ra1 42.c7  1-0

[Event "PER-ch"]
[Site "Peru"]
[Date "1994.??.??"]
[Round "3"]
[White "Cruz, Filemon"]
[Black "Granda Zuniga, Julio E"]
[Result "0-1"]
[WhiteElo "2405"]
[BlackElo "2620"]

1.c4 c5 2.Nc3 Nc6 3.g3 g6 4.Bg2 Bg7 5.e3 e5 6.Nge2 Nge7 7.O-O O-O 8.a3 d6
9.Rb1 b6 10.b4 Bb7 11.d3 Qd7 12.Qc2 Rae8 13.Bd2 f5 14.Nd5 Nxd5 15.Bxd5+ Kh8
16.Qa4 g5 17.f4 Bf6 18.fxe5 Bxe5 19.Rf2 Qc8 20.Rbf1 Bg7 21.Bxc6 Bxc6 22.Qxa7 b5
23.bxc5 bxc4 24.Nd4 f4 25.cxd6 Bd7 26.dxc4 Bh3 27.d7 Bxd7 28.exf4 Bh3 29.f5 Qxc4
30.f6 Bxf6  0-1

[Event "PER-ch"]
[Site "Peru"]
[Date "1994.??.??"]
[Round "5"]
[White "Gonzales, Manuel"]
[Black "Granda Zuniga, Julio E"]
[Result "0-1"]
[WhiteElo "2265"]
[BlackElo "2620"]

1.e4 c5 2.Nf3 Nc6 3.Bb5 e6 4.O-O Nge7 5.Re1 a6 6.Bxc6 Nxc6 7.d4 cxd4 8.Nxd4 Qc7
9.Nc3 Be7 10.Nxc6 Qxc6 11.Qg4 Kf8 12.Bg5 f6 13.Bd2 b5 14.a3 Bb7 15.Re3 h5
16.Qe2 Kf7 17.Rd3 a5 18.Rh3 b4 19.axb4 axb4 20.Rxa8 Bxa8 21.Rxh5 Rg8 22.Nd1 Qxe4
23.Qxe4 Bxe4 24.Ne3 g5 25.Rh3 Ra8 26.Kf1 d5 27.f3 Bg6 28.c3 Bd3+ 29.Kf2 Ra2
30.Nd1 Ra1 31.Ne3 Rb1 32.cxb4 Rxb2 33.Ke1 Rb1+ 34.Kf2 d4 35.Ng4 Rf1+ 36.Kg3 Bd6+
37.f4 Rd1 38.Rh6 Bg6 39.h4 gxh4+ 40.Kxh4 Rxd2  0-1

[Event "PER-ch"]
[Site "Peru"]
[Date "1994.??.??"]
[Round "6"]
[White "Granda Zuniga, Julio E"]
[Black "Fuentes, Moises"]
[Result "1-0"]
[WhiteElo "2620"]
[BlackElo "2380"]

1.d4 Nf6 2.Bg5 g6 3.Bxf6 exf6 4.Nf3 f5 5.e3 Bg7 6.Be2 O-O 7.O-O b6 8.c4 Bb7
9.Nc3 d6 10.Qc2 Nd7 11.Rad1 Re8 12.Ne1 Nf6 13.Nd3 Qe7 14.d5 a5 15.Nb5 Ba6
16.Nd4 Ng4 17.Nc6 Qh4 18.h3 Nf6 19.Nd4 Ne4 20.Nf4 Qe7 21.Bd3 Qg5 22.Qc1 h5
23.a3 a4 24.Bxe4 fxe4 25.Qc2 Bc8 26.Kh1 h4 27.Nfe2 Qe5 28.Nc3 g5 29.Qe2 Bd7
30.f4 exf3 31.Qxf3 Re7 32.Qh5 f6 33.e4 Rf8 34.Nf5 Ref7 35.Rd3 Bxf5 36.Rxf5 Qe8
37.g3 hxg3 38.Rxg3 Re7 39.Qg4 Re5 40.Rgf3 Rxf5 41.Qxf5 Qh5 42.Nxa4 Qh4 43.Nc3 Qe1+
44.Kg2 Qd2+ 45.Rf2 Qd3 46.Ne2 Re8 47.Ng3 Qxc4 48.Qg6 Re7 49.Rxf6 Qc1 50.Rf2 Qe3
51.Nf5 Qxe4+ 52.Kg1 Kh8 53.Nxe7 Qxe7 54.Qe6  1-0